大河ドラマ主演俳優 〜21世紀〜 - Statistics

General Stats
  • This quiz has been taken 78 times
  • The average score is 17 of 30
Answer Stats
年代 主演 作品タイトル % Correct
2023 松本潤 どうする家康
92%
2013 綾瀬はるか 八重の桜
81%
2010 福山雅治 龍馬伝
77%
2016 堺雅人 真田丸
77%
2025 横浜流星 べらぼう ~蔦重栄華乃夢噺~
77%
2018 鈴木亮平 西郷どん
75%
2022 小栗旬 鎌倉殿の13人
75%
2024 吉高由里子 光る君へ
75%
2014 岡田准一 軍師官兵衛
74%
2004 香取慎吾 新選組!
72%
2021 吉沢亮 青天を衝け
72%
2017 柴咲コウ おんな城主 直虎
68%
2020 長谷川博己 麒麟がくる
62%
2012 松山ケンイチ 平清盛
58%
2009 妻夫木聡 天地人
57%
2015 井上真央 花燃ゆ
57%
阿部サダヲ いだてん 〜東京オリムピック噺〜
55%
2005 滝沢秀明 義経
53%
2011 上野樹里 江 〜姫たちの戦国〜
51%
2026 仲野太賀 豊臣兄弟!
47%
2002 唐沢寿明 利家とまつ 〜加賀百万石物語〜
43%
松嶋菜々子 利家とまつ 〜加賀百万石物語〜
42%
2008 宮﨑あおい 篤姫
42%
2006 仲間由紀恵 功名が辻
38%
2019 中村勘九郎 いだてん 〜東京オリムピック噺〜
38%
2007 内野聖陽 風林火山
30%
2027 松坂桃李 逆賊の幕臣
28%
2001 和泉元彌 北条時宗
26%
上川隆也 功名が辻
23%
2003 市川新之助 武蔵 MUSASHI
13%
No matching quizzes found
Score Distribution
Percent of People with Each Score
Percentile by Number Answered
Your Score History
You have not taken this quiz